[Event "ROM-ch"]
[Site "Iasi"]
[Date "1999.12.26"]
[Round "14"]
[White "Negulescu, Adrian"]
[Black "Istratescu, Andrei"]
[Result "0-1"]
[WhiteElo "2440"]
[BlackElo "2570"]
[Annotator "Hazai,L"]
[PlyCount "92"]
[EventDate "1999.12.13"]
[EventType "tourn"]
[EventRounds "15"]
[EventCountry "ROU"]
[EventCategory "9"]
[SourceTitle "CBM 075"]
[Source "ChessBase"]
[SourceDate "2000.04.05"]
[SourceVersion "1"]
[SourceVersionDate "2000.04.05"]
[SourceQuality "1"]

1. d4 g6 2. g3 Bg7 3. Bg2 d6 4. Nf3 Nf6 5. O-O O-O 6. Re1 {/\ e4 transposing
sometimes to the Pirc.} (6. c4 {is certainly the main line.}) 6... Nbd7 (6...
c5 7. Nc3 (7. c4 {is not consistent.} Nc6 $11) 7... cxd4 8. Nxd4 {opens up the
/^ for the B.}) (6... Nc6 {/\ e5} 7. d5 $1 {White has to react immediately
gaining some space advantage in the [+].} (7. e4 e5 8. c3 Bg4 {puts a strong
pressure on >< d4.} 9. d5 (9. h3 $6 Bxf3 10. Bxf3 exd4 $1 11. cxd4 Nd7 12. d5
Nd4 13. Bg2 c5 {and the N is very impressive in the [+].} 14. dxc6 bxc6 $11 {
Panno-Quinteros, Manila (izt) 1976}) 9... Ne7 10. h3 Bd7 $1 $13 {Black has to
keep his strong B in a closed King's Indian position.}) (7. Nc3 {is again met
by} e5 (7... Bg4 {is another plan attacking >< d4.} 8. h3 Bxf3 9. Bxf3 Nd7 10.
e3 e5 11. dxe5 Ndxe5 12. Bg2 {White has the ^^ and a strong B on the long /^,
but his other B is rather passive and he has some problems with his
development.} Re8 13. Qe2 (13. Nd5 $5 Nc4 14. Rb1 {/\ b3}) 13... Nd7 14. Nd5
Nc5 15. c4 a5 16. Rb1 Nb4 17. b3 Nbd3 $13 {1/2-1/2 Andersson-Krasenkov, Pula
1997}) 8. dxe5 dxe5 9. h3 Qe7 {In this structure Black has nothing to fear.}
10. Bg5 Rd8 11. Qc1 Qf8 12. e4 Be6 13. Nd2 h6 14. Bxf6 Bxf6 15. Nd5 Bxd5 16.
exd5 Ne7 17. Nc4 Qg7 18. Ne3 Nf5 19. c3 Nd6 $13 {Andersson-Milov, Groningen
1997}) 7... Na5 $5 {At first sight the N is outplaced on the edge of the board,
but in this type of King's Indian this may transpose to the main lines, where
the Re1 move is unnecessary.} (7... Ne5 8. Nxe5 dxe5 9. c4 {/\ Nc3, c5[+]}) (
7... Nb8 8. c4 (8. h3 {is a bit slow} c5 (8... e5 $5) 9. Nc3 e5 10. e4 (10.
dxe6 {gives up White's advantage in the [+].} Bxe6 11. e4 Nc6 {Black has
enough control over the dark squares to compensate the weakness of d6.} 12. Be3
Re8 $11 {Speelman-Zaichik, Yerevan 1996}) 10... Na6 11. Nd2 Nc7 12. a4 $14 {
securing >< c4 for the N.}) 8... c6 9. Nc3 cxd5 10. cxd5 Na6 $14 {1/2-1/2
Negulescu-Fedorowicz, New York 1999}) (7... Nb4 8. e4 $1 (8. c4 {allows} Bf5 $1
{and Black has threats on the /^ b1-h7.} 9. Na3 (9. e4 $2 {founders on} Bxe4
10. Rxe4 Nxe4 11. Qe1 Nc2 $17) (9. Nd4 Bxb1 ({or} 9... Be4 $5 10. Nc3 Bxg2 11.
Kxg2 c5 $13) 10. Rxb1 Nxa2 {This is a brave idea, but Black cannot be punished
for that.} 11. Bd2 a5 12. Qb3 Nb4 13. Bxb4 axb4 14. Qxb4 Nd7 $10) 9... c6 10.
Nd4 (10. e4 $2 {is again a mistake because of} Bxe4 11. Rxe4 Nxe4 12. Qe1 Nd3
13. Qxe4 Nxc1 $19) 10... Bd7 11. Bd2 {(Garcia Palermo-Stohl, Bad Woerishofen
1993)} Qb6 $1 12. dxc6 (12. Bxb4 Qxb4 13. dxc6 bxc6 14. Bxc6 (14. Nxc6 Bxc6 15.
Bxc6 Rac8 $17 {/\ Qb2}) 14... Bxc6 15. Nxc6 Qb7 $1 16. Qa4 Ne4 $1 $44) 12...
Nxc6 13. Bc3 Rfc8 $132 {Stohl}) 8... e6 (8... c6 $2 9. a3 Na6 10. dxc6 bxc6 11.
e5 $16 {><c6}) (8... e5 9. a3 Na6 10. b4 c5 11. dxc6 bxc6 12. c4 Be6 13. Qd3
Nc7 14. Bb2 Qe7 15. Nbd2 Rfd8 16. Qe2 $14 {with a more flexible P structure
for White, Mateuta-Miljanic, Bucharest 1999.}) 9. c4 exd5 10. cxd5 Re8 11. Nc3
Na6 12. Nd4 Nc5 13. b4 Ncd7 {(Mateuta-Vujovic, Genova 1999)} 14. Rb1 $1 $14 {
with a huge space advantage for White.}) 8. Nfd2 (8. e4 c6 9. Na3 (9. h3 Bd7
10. a4 Rc8 11. Ra2 cxd5 12. exd5 Rc5 13. Ng5 h6 14. Ne4 Nxe4 15. Rxe4 Qc8 16.
Be3 Rc4 17. Rxe7 Bxh3 18. b3 Bxg2 19. Kxg2 Rc7 20. Rxc7 Qxc7 {1/2-1/2
Speelman-Rashkovsky, Baku 1983}) 9... Bd7 10. Rb1 {White wants to take all the
squares of the a5 N.} cxd5 11. exd5 Rc8 12. Nd4 Re8 13. h3 a6 14. c3 Rc7 15.
Kh2 {1/2-1/2 Speelman-Nunn, London 1982}) (8. Na3 e6 9. e4 c5 10. c3 exd5 11.
exd5 b6 12. Bf4 Bf5 13. Nd2 Nh5 14. Be3 Qd7 $11 {Milos-Marin, Szirak 1987})
8... c5 9. c4 a6 10. Nc3 Rb8 $13 {because now we have reached the main lines
with a stupid Re1 for White, Tot-Bogdanovic, Sombor 1957.}) 7. e4 (7. d5 $5 {
White wants to get some space advantage in the [+], but opens the /^ for the
enemy B and closes for his own one.} Nc5 (7... Nb6 $5 8. e4 e6) 8. Nc3 e5 9.
dxe6 Bxe6 10. Nd4 Bd7 11. Nb3 Nxb3 12. axb3 Bc6 13. Bxc6 bxc6 14. Bg5 Qd7 15.
Qd2 $14 {Djuric-Gallagher, Cannes 1999}) (7. b3 c5 (7... e5 $13) 8. c3 Ne4 (
8... e5 9. dxe5 dxe5 10. e4 b6 11. c4 $14 {/\ Nc3-d5}) (8... d5 9. Ne5) (8...
Rb8 9. e4 cxd4 10. cxd4 d5 11. e5 Ne4 $132) (8... b6 9. Ne5 dxe5 10. Bxa8 exd4
11. cxd4 cxd4 12. Bb2 e5 13. Nd2 Nc5 $44) 9. Ng5 Nxg5 10. Bxg5 Rb8 11. Qd2 Re8
12. Na3 b5 $13 {Negulescu-Nisipeanu, Sovata 1999}) (7. c4 e5 (7... c5 8. Nc3)
8. Nc3 {- E67}) 7... e5 8. dxe5 (8. Nc3 {- B07}) (8. a4 Re8 (8... a6 {This
idea is not so impressive.} 9. dxe5 {White gives up the [+] too early.} (9. Nc3
{looks more to the point.}) 9... dxe5 10. Nbd2 Qe7 11. b3 Rd8 12. Qe2 b6 13.
Nc4 Bb7 14. Nfd2 Rab8 15. Bb2 b5 16. axb5 axb5 17. Ne3 c6 18. Ra7 Bf8 19. Ba3
Qe6 20. Bxf8 {The exchange of the dark-squared B is good for Black from
strategical point of view.} Nxf8 $11 {Badea-Nevednichy, Bucharest 1998}) (8...
a5 {Black is fighting for the dark squares.} 9. h3 b6 10. Nc3 Bb7 11. dxe5 (11.
b3 exd4 12. Nxd4 Nc5 13. Bb2 Re8 $132 {><e4 Stohl}) 11... dxe5 12. b3 Re8 13.
Ba3 Bf8 14. Bxf8 Kxf8 $11 {Romanishin-Kotronias, Tilburg 1994}) 9. dxe5 $6 {
This is again against the principles.} dxe5 10. Na3 $6 {This is too
sophisticated.} (10. Nc3 c6 $10 {Khalifman}) 10... b6 $1 11. Be3 (11. b3) 11...
Bb7 12. Nd2 h5 $15 {Rivas Pastor-Khalifman, Dos Hermanas 1993}) 8... dxe5 9.
Nc3 (9. Nbd2 {in a symmetrical position like that White cannot count on a real
advantage.} Qe7 {/\ Rd8} 10. b3 Rd8 11. Qe2 b6 12. Bb2 Bb7 13. Rad1 Ne8 14. Nc4
Ba6 15. Bf1 Bh6 16. Nfd2 Ng7 {/\ Ne6 >< d4} 17. Nf3 f6 18. c3 Ne6 $11 {
Andersson-Shirov, Elista 1998}) 9... c6 {Now the N is not well-placed on c3,
his real square is d2 threatening Nc4 >< d6.} 10. Nd2 (10. h3 Qe7 11. a3 (11.
a4 {seems to be more to the point.}) 11... a5 12. Be3 Nc5 13. Nd2 Rd8 14. Qc1
b5 15. Nb3 Nfd7 16. Nxc5 Nxc5 17. Ne2 Be6 18. b4 Na4 $15 {Taleb-Kempinski,
Yerevan 1996}) (10. a4 Qc7 11. Be3 b6 12. Nd2 Rd8 13. f3 Bf8 {Black wants to
activate his "bad" B on the /^ a3-f8.} 14. Qc1 Nc5 15. Bf1 {and White wants to
activate his "bad" B on the symmetrical /^.} Ne6 16. Nd1 h5 {The target is ><
g3.} 17. c3 h4 18. Qc2 hxg3 19. hxg3 Nh5 20. Kf2 Qe7 21. Bc4 Nef4 $1 $40 {
Litinskaya-Cvitan, Katowice 1992}) 10... b5 {against Nc4} 11. a4 (11. b3 Qe7
$11) 11... b4 12. Na2 {Now this N is far from the vital >< c4 square.} (12.
Ncb1 Nc5 13. Qe2 {/\ Nc4 Nbd2 looked better}) 12... a5 13. Nc4 $6 {Now finally
White will lose the control over the >< c4.} (13. Bf1 Nb6 14. b3 {is met by}
Qd4) (13. b3 {was more flexible.} Ba6 14. Bf1) 13... Ba6 14. Bf1 Bxc4 $1 15.
Bxc4 Nb6 16. Qxd8 Rfxd8 17. Bb3 c5 {/\ c4} 18. c4 {Sad but true.} Rd4 19. Be3
Rxe4 20. Bxc5 (20. f3 Rxc4 21. Bxc4 Nxc4 22. Bxc5 Nxb2 $17 {with a very strong
compensation for the exchange.}) 20... Nxc4 21. Bxb4 (21. Rxe4 Nxe4 22. Bxc4
Nxc5 23. Nc1 e4 $19 {is even worse.}) 21... axb4 22. Rxe4 Nxe4 23. Bxc4 Rxa4
24. Rd1 Nc5 25. Nc1 Ra1 26. Kg2 Bf8 $2 (26... Kf8 $1 {was the prophylactive
move to prevent White's counterplay.} 27. Rf1 e4 $17) 27. Rf1 e4 (27... Kg7 28.
Nd3 $1 {and the _|_ ^- is drawish.}) 28. Na2 ({or} 28. Nb3 Rxf1 29. Kxf1 Na4 (
29... Nxb3 30. Bxb3 Bg7 31. Bd5 $11) 30. Bd5 Nxb2 31. Bxe4 {with good chances
for a survival.}) 28... Rxf1 29. Kxf1 Na4 30. b3 (30. Bd5 Nxb2 31. Bxe4 {
leads to the previous note.}) 30... Nc3 31. Nxc3 $2 (31. Nc1 Bc5 32. Ke1 {
was the last chance to defend.}) 31... bxc3 $19 {Now Black has two passed
pawns in an ^- _|_ and White's o^ is useless.} 32. Ke2 Kg7 33. Kd1 f5 34. Kc2
Bb4 35. g4 Kf6 36. gxf5 gxf5 37. Bg8 h6 38. Bh7 Ke5 39. Bg6 f4 40. Be8 f3 41.
h3 Kf4 42. Bb5 h5 43. h4 Bc5 44. Kxc3 Bxf2 45. Bf1 Bxh4 46. b4 Be1+ 0-1

[Event "POL-ch 59th"]
[Site "Warsaw"]
[Date "2002.05.10"]
[Round "11"]
[White "Bartel, Mateusz"]
[Black "Blehm, Pawel"]
[Result "1-0"]
[WhiteElo "2417"]
[BlackElo "2547"]
[Annotator "Hazai,L"]
[PlyCount "57"]
[EventDate "2002.04.29"]
[EventType "tourn"]
[EventRounds "13"]
[EventCountry "POL"]
[EventCategory "10"]
[SourceTitle "CBM 089"]
[Source "ChessBase"]
[SourceDate "2002.08.12"]
[SourceVersion "1"]
[SourceVersionDate "2002.08.12"]
[SourceQuality "1"]

1. d4 Nf6 2. Nf3 g6 3. g3 Bg7 4. Bg2 O-O 5. O-O d6 6. a4 a5 7. Re1 Nbd7 (7...
Nc6 {- Badea-Iordachescu, Bucharest 2001 CBM 82}) 8. e4 e5 9. Nc3 Re8 (9... c6
{may lead to B07 Pirc main lines.}) 10. h3 b6 {This is the relatively new idea
keeping the long /^ for the B opened. Sometimes the B can be activated on a6.}
(10... c6 {may lead to B07 Pirc main lines again.}) 11. Bg5 (11. d5 {closes
the [+], but White's chances on the << remain problematic, because the
thematic breakthrough b4, c5 is not possible.} Nc5 12. Nd2 Nh5 (12... Rf8 $5 {
/\ Ne8, f5 looks more to the point.}) 13. Nb5 {Now in case of f5 exf5 Black's
N on h5 causes a lot of headache.} Bd7 14. Bf1 Qc8 15. Kh2 Rf8 16. Nb3 f5 17.
Nxc5 bxc5 18. exf5 Bxb5 19. axb5 Qxf5 20. Be3 e4 $132 {Galliamova-Safranska,
Yerevan 1996}) (11. Be3 Bb7 12. d5 {This is a better moment for closing the [+]
, because the B on b7 is completely out of play.} Nc5 13. Nd2 Rf8 {/\ Ne8, f5
is the typical plan here.} (13... Qe7 14. Nc4 Ba6 15. Na3 {White exploits the
weakness of the light squares, and will prepare f2-f4.} Rad8 16. Nab5 $14 {
Velikov-Gouret, Saint Quentin 1998})) 11... h6 12. Be3 (12. dxe5 {gives up the
tension in the [+] without getting anything real for it.} dxe5 13. Bxf6 {
To give up the vital dark-squared B doesn't seem to be necessary.} Bxf6 14. Qd5
(14. Qd2 Bg7 15. Rad1 c6 16. Bf1 Qf6 17. Qe3 Bf8 {and the B will control the /
^ g1-a7.} 18. Kg2 Kg7 19. Bc4 Bc5 $15 {Bartel-Socko, Warsaw 2002}) 14... Rb8 $5
{looks more to the point keeping the ^^ alive.} (14... Ba6 15. Bf1 {White is
happy to exchange the ^^.} Bxf1 16. Kxf1 Qc8 17. Rad1 Nc5 18. Kg2 c6 19. Qc4
Qe6 20. Qxe6 Nxe6 21. Rd7 Rac8 22. Red1 Nc5 $11 {V.Popov-Renet, Paris 1996}))
12... Kh7 (12... Bb7 13. d5 Rf8 14. Nh2 (14. Nd2 $5 Ne8 15. Nc4 f5) 14... Ne8
15. Qd2 Kh7 16. g4 {fighting against f5 at any rate.} Qe7 17. Ne2 {/\ Ng3
overprotecting the vital f5 square.} Nc5 18. Ra3 Nf6 19. Ng3 Rfe8 20. Kh1 c6
21. c4 cxd5 22. cxd5 Rec8 $13 {Kengis-David, Prague 1993}) (12... exd4 {
gives up the [+] too early.} 13. Nxd4 Ne5 (13... Bb7 14. e5 $1 dxe5 15. Bxb7
exd4 16. Bxd4 $14) 14. b3 {is now favourable for White, compare to the game
continuation with a Q on d2!} Bb7 15. f4 $14) 13. Qd2 {This allows Black a
tactical solution.} (13. d5 Nc5 14. Nd2 $14 {looks simple and good.}) 13...
exd4 $1 (13... Bb7 14. d5 Nc5 15. Nh4 $14) 14. Nxd4 Ne5 {This is the point!} (
14... Bb7 15. e5 $1 dxe5 16. Bxb7 exd4 17. Bxd4 $14 {with a strong ^^}) (14...
Ba6 15. Rad1 $14) 15. b3 {[#]} Bxh3 $2 {The idea was good, but the execution
was not precise.} ({first} 15... c5 $1 {was required!} 16. Ndb5 $1 (16. Nf3 $2
Nxf3+ 17. Bxf3 Bxh3 $17) 16... Bxh3 $1 {Now a tactical skirmish begins.} 17.
Nxd6 $1 (17. f4 Bxg2 18. fxe5 Nxe4 19. Qxg2 Nxc3 20. Nxc3 Bxe5 {with three
pawns for the piece.}) 17... Re6 (17... Bxg2 18. Kxg2 Re6 19. Rad1 Nfg4 20. Bf4
$14) 18. Nxf7 $1 (18. Ndb5 Bxg2 19. Kxg2 Nc6 $15) (18. Rad1 Bg4 $1 $17) 18...
Qxd2 $1 (18... Nxf7 19. Bxh3 Rd6 20. Qc1 $16) (18... Qe8 19. Nxh6 Rd8 20. Qc1
Bxg2 21. Kxg2 $16) 19. Bxd2 Bxg2 (19... Nxf7 $2 20. Bxh3 $18) 20. Nxe5 Bh3 $1 (
20... Rxe5 21. Kxg2 Nxe4 22. Nxe4 Rxe4 23. Rxe4 Bxa1 24. Re7+ $16) (20... Nxe4
21. Nxe4 Bxe4 22. Rxe4 {- 20...Be4}) (20... Bxe4 21. Nxe4 Nxe4 22. Rxe4 Rxe5
23. Rxe5 Bxe5 24. Re1 $14) 21. f4 (21. Kh2 Bg4) 21... Rd8 $44) 16. Bxh3 c5 17.
Bg2 $1 $16 {This is the point. Now Black's position is full with wholes as a
cheese.} cxd4 18. Bxd4 Nc6 (18... Re6 19. Rad1 $16) 19. Bxf6 Bxf6 20. Rad1 Re6
21. Nb5 $1 {Material losses are inevitable.} (21. Nd5 $16) 21... Qe7 22. Bh3
$18 Re5 23. Qxd6 Rc5 24. Qxe7 Bxe7 25. c4 Na7 26. Nc3 Re5 27. Nd5 Bc5 28. Kg2
g5 29. f4 1-0

[Event "Bundesliga 0203"]
[Site "Germany"]
[Date "2003.03.08"]
[Round "12.3"]
[White "Casper, Thomas"]
[Black "Beim, Valery"]
[Result "1-0"]
[WhiteElo "2391"]
[BlackElo "2555"]
[Annotator "Hecht,H"]
[PlyCount "81"]
[EventDate "2002.10.19"]
[EventType "team-tourn"]
[EventRounds "15"]
[EventCountry "GER"]
[SourceTitle "CBM 094"]
[Source "ChessBase"]
[SourceDate "2003.05.26"]
[SourceVersion "1"]
[SourceVersionDate "2003.05.26"]
[SourceQuality "1"]
[WhiteTeam "Erfurt"]
[BlackTeam "Tegernsee"]
[WhiteTeamCountry "GER"]
[BlackTeamCountry "GER"]

1. e4 d6 2. d4 Nf6 3. Nc3 g6 4. g3 Bg7 5. Bg2 O-O 6. Nge2 e5 7. O-O c6 8. a4 a5
9. h3 Na6 10. Be3 Nb4 11. Qd2 Be6 12. Rad1 Bc4 13. Rfe1 Qc7 14. Nc1 Rfe8 15. b3
Ba6 16. Nb1 Nh5 17. Na3 exd4 18. Bxd4 Bxd4 19. Qxd4 Rad8 20. c3 c5 21. Qd2 Nc6
22. Nb5 Bxb5 23. axb5 Ne7 24. c4 Ng7 25. Re3 Ne6 26. Ne2 Ra8 27. Kh2 Nc8 28. f4
a4 29. Qc2 axb3 30. Qxb3 Qa5 31. e5 dxe5 32. Bxb7 exf4 33. Nxf4 Ra7 34. Bxc8
Rxc8 35. Nxe6 fxe6 36. Rxe6 Qa2+ 37. Qxa2 Rxa2+ 38. Kg1 Rc2 ({Die
Pseudoaktivität} 38... Rf8 39. Re7 Ra3 (39... Rb2 40. Rc7 Ra8 41. g4 Re8 42. g5
Ra8 43. h4 Re8 44. Rxc5 Ree2 45. Rd8+ Kf7 46. Rc7+ Ke6 47. Re8+ $18) 40. g4
Rxh3 41. Kg2 Rc3 42. Rdd7 Ra8 43. b6 Ra2+ 44. Kf1 Rc1+ 45. Re1 $18 {führt
anscheinend auch zu nichts.}) 39. Re7 Rxc4 40. b6 Rb4 41. b7 (41. b7 Rf8 42.
Rc7 Rb3 43. Rf1 $18) 1-0

[Event "USA-ch"]
[Site "Seattle"]
[Date "2003.01.09"]
[Round "1"]
[White "Zaichik, Gennadi"]
[Black "Markzon, Gregory"]
[Result "1-0"]
[WhiteElo "2516"]
[BlackElo "2326"]
[Annotator "Hecht,H"]
[PlyCount "99"]
[EventDate "2003.01.09"]
[EventType "swiss"]
[EventRounds "9"]
[EventCountry "USA"]
[SourceTitle "CBM 093"]
[Source "ChessBase"]
[SourceDate "2003.04.01"]
[SourceVersion "1"]
[SourceVersionDate "2003.04.01"]
[SourceQuality "1"]

1. g3 Nf6 2. Bg2 g6 3. e4 d6 4. d4 Bg7 5. Nc3 O-O 6. Nge2 Nbd7 7. O-O e5 8. h3
c6 9. a4 Re8 10. Be3 Qa5 11. Re1 exd4 12. Bxd4 Ne5 13. f4 Nc4 14. b3 Nb6 15.
Qd2 Be6 16. Rad1 Rad8 17. g4 Bc8 18. Kh1 Nbd7 19. Ng3 h6 20. Nd5 Qxd2 21. Nxf6+
Bxf6 22. Rxd2 Bxd4 23. Rxd4 Nc5 24. f5 Kf8 25. Red1 Ke7 26. e5 d5 27. Rf4 Rg8
28. Kh2 gxf5 29. gxf5 a5 30. Rh4 Rg5 31. Rg4 Rdg8 32. Bf3 Kf8 33. Rxg5 hxg5 34.
Bg4 Ke7 35. c4 Rd8 36. f6+ Ke8 37. Bxc8 dxc4 38. Bg4 cxb3 39. Nf5 Rxd1 40. Bxd1
{[#] Freibauern - Mattangriff - Taktik} b2 (40... Kd7 $142 {Königsaktivierung!}
) 41. Nd6+ Kf8 42. Bc2 b6 43. Kg3 Nxa4 44. Nc4 Nc3 45. Nxb2 b5 46. Nd3 a4 47.
Nc5 a3 $2 (47... Nd5 {leistete noch guten Widerstand}) 48. e6 a2 (48... Nd5 49.
Nd7+ Ke8 50. Bg6 a2 51. Bxf7+ Kd8 52. e7+ Nxe7 53. fxe7+ Kxe7 54. Bxa2 Kxd7 55.
Kg4 Ke7 56. Kxg5 c5 (56... Kf8 57. Kg6 c5 58. h4 c4 59. Kh7 Kf7 60. h5 Kf8 61.
h6 Kf7 62. Bb1 b4 63. Be4 Ke6 64. Kg7 b3 65. h7 c3 66. h8=Q $18) 57. Kg6 c4 58.
Kg7 Kd6 59. h4 Kc5 60. h5 b4 61. h6 b3 62. Bb1 c3 63. h7 c2 64. Bxc2 bxc2 65.
h8=Q $18) 49. e7+ Ke8 50. Bf5 1-0

[Event "GER-ch 73th"]
[Site "Altenkirchen"]
[Date "2001.12.06"]
[Round "7"]
[White "Handke, Florian"]
[Black "Slobodjan, Roman"]
[Result "1/2-1/2"]
[WhiteElo "2384"]
[BlackElo "2522"]
[Annotator "Hecht,H"]
[PlyCount "136"]
[EventDate "2001.11.30"]
[EventType "swiss"]
[EventRounds "9"]
[EventCountry "GER"]
[SourceTitle "CBM 087"]
[Source "ChessBase"]
[SourceDate "2002.03.21"]
[SourceVersion "1"]
[SourceVersionDate "2002.03.21"]
[SourceQuality "1"]

1. e4 d6 2. d4 Nf6 3. Bd3 e5 4. c3 Nc6 5. Nf3 g6 6. O-O Bg7 7. h3 O-O 8. Re1 a6
9. Nbd2 Nh5 10. Nb3 h6 11. Be3 Kh7 12. Nh2 Qh4 13. Nd2 Qe7 14. g4 Nf6 15. f4
exf4 16. Bxf4 b6 17. Qf3 Bb7 18. Qg3 Rae8 19. Nhf3 Nd8 20. e5 dxe5 21. Bxe5 Ne6
22. c4 b5 23. b3 bxc4 24. bxc4 Bxf3 25. Nxf3 Qd7 26. Rad1 Rc8 27. Bf1 Ne8 28.
c5 Qa4 29. Qf2 c6 30. Bxg7 N8xg7 31. Ne5 f5 32. Qe3 fxg4 33. hxg4 Rcd8 34. Bc4
Ng5 35. Qd3 Nf3+ 36. Nxf3 Rxf3 37. Qxf3 Qxc4 38. Qf6 Qc3 39. Qf2 Rd5 40. Re3
Qc4 41. Qe2 Qa4 42. Re7 h5 43. Rd3 Rg5 44. Kh1 Qc4 45. Rf3 Qxe2 46. Rxe2 Rxg4 {
[#] Balanceakt zwischen Türmen und Freibauer sowie dem Zusammenspiel zwischen
Turm und Springer} 47. d5 cxd5 48. Rc2 Nf5 49. c6 Nd4 50. c7 Nxf3 51. Rc1 Rh4+
52. Kg2 Ne1+ 53. Kg3 Rg4+ 54. Kh3 Nd3 55. c8=Q Nxc1 56. Qc7+ Kg8 57. Qxc1 {
[#] Das zweite Endspiel ist für Schwarz verloren, wenn der Ba6 fällt.} Rc4 58.
Qg5 Rc3+ 59. Kg2 Rc2+ 60. Kf3 Kh7 61. Qxd5 (61. Qe7+ Kh6 62. Qf8+ Kh7 (62...
Kg5 63. Qf4#) 63. Qf7+ Kh6 64. Qf4+ Kg7 (64... Kh7 65. Qa4 $18) 65. Qd4+ Kh6
66. Qe3+ Kg7 67. Qa7+ Kh6 68. Qxa6 $18) 61... Rc7 62. Qd6 {Danach gelingt der
Drahtseilakt zum Remis, weil der Turm optimal auf f5 zu stehen kommt, dort
alles deckt und gleichzeitig den weißen König komplett aussperrt.} (62. a4 $142
Re7 63. a5 Kg7 64. Qd6 Rf7+ 65. Ke4 Rf6 66. Qd4 {mit besseren Aussichten, zum
Erfolg zu kommen.}) 62... Rf7+ 63. Kg3 a5 $1 64. Qe6 Rf5 65. Qe7+ Kg8 66. Kh4
Kh8 67. Qe2 Kg7 68. Qd2 Kh7 1/2-1/2

[Event "FIDE-Wch k.o."]
[Site "Moscow"]
[Date "2001.11.28"]
[Round "1.2"]
[White "Short, Nigel D"]
[Black "Campora, Daniel Hugo"]
[Result "1/2-1/2"]
[WhiteElo "2675"]
[BlackElo "2536"]
[Annotator "Hecht,H"]
[PlyCount "132"]
[EventDate "2001.11.27"]
[EventType "k.o."]
[EventRounds "7"]
[EventCountry "RUS"]
[SourceTitle "CBM 086"]
[Source "ChessBase"]
[SourceDate "2002.02.05"]
[SourceVersion "1"]
[SourceVersionDate "2002.02.05"]
[SourceQuality "1"]

1. e4 d6 2. Bc4 Nf6 3. Nc3 c6 4. Bb3 e5 5. f4 Bg4 6. Nf3 exf4 7. d4 Nh5 8. O-O
Be7 9. h3 Be6 10. d5 cxd5 11. Nd4 Nf6 12. Bxf4 O-O 13. exd5 Bd7 14. Nce2 Na6
15. c4 Nc5 16. Bc2 a5 17. Ng3 Qb6 18. Ndf5 Rae8 19. Kh2 Bxf5 20. Nxf5 Nfe4 21.
Qf3 Bf6 22. Rae1 Re5 23. Bxe4 Nxe4 24. Nxd6 Nd2 25. Bxd2 Rxe1 26. Bxe1 Qxd6+
27. Bg3 Be5 28. b3 f5 29. Bxe5 Qxe5+ 30. Qf4 Re8 31. d6 Qxf4+ 32. Rxf4 g6 33.
Rd4 Kf7 34. Kg3 Ke6 35. Kf4 Kd7 36. Rd2 h6 37. c5 Re4+ 38. Kf3 Re5 39. Rc2 g5
40. a3 f4 41. Rc3 Re1 42. Kg4 Re2 43. g3 fxg3 44. Rxg3 Rc2 45. b4 axb4 46. axb4
Rc4+ 47. Kh5 Rxb4 48. Kxh6 b6 49. cxb6 Rxb6 50. Rxg5 {[#] Der König des
Verteidigers steht nahe genug.} Rb4 ({Es ging auch} 50... Rxd6+ 51. Kg7 Rd4 52.
Rg4 Rd1 53. h4 Ke6 54. h5 Kf5 55. Rg2 Rd7+ 56. Kh8 Rd8+ 57. Kh7 Rd7+ 58. Rg7
Rd1 59. h6 Kf6 60. Ra7 Re1 61. Ra8 Re7+ 62. Kg8 Rb7 63. h7 (63. Ra6+ Kg5 64. h7
Rb8+ $11) 63... Rg7+ 64. Kh8 Rb7 $11) 51. Rg4 Rb3 52. h4 Kxd6 53. Re4 Rg3 54.
h5 Kd7 55. Re5 Kd6 56. Re1 {Beim Randbauern bringt die vertikale Sperre nur
dann den Gewinn, wenn sie eine Linie weiter westlich angesiedelt wäre.} Kd7 57.
Kh7 Rg2 58. h6 Rg3 59. Kh8 Rg2 60. Ra1 Ke7 61. Ra7+ Kf6 62. Rg7 Ra2 63. h7 Ra8+
64. Rg8 Ra7 65. Rb8 Kf7 66. Rb7+ Rxb7 1/2-1/2